| 000 | 01418nam a2200373 c 4500 | ||
|---|---|---|---|
| 001 | 51963 | ||
| 003 | ES-MaCES | ||
| 005 | 20210915111159.0 | ||
| 007 | cr ||||||||||| | ||
| 008 | 210910s2021 sp l o000 | spa d | ||
| 017 |
_aM 24089-2021 _bDL |
||
| 040 |
_aES-MaCES _bspa _cES-MaCES |
||
| 110 | 2 |
_92408 _aConsejo Económico y Social (España) |
|
| 245 | 1 | 0 |
_aDictamen 05-2021 sobre el Anteproyecto de Ley Orgánica de ordenación e integración de la formación profesional _b: Sesión ordinaria del Pleno de 28 de julio de 2021 _cConsejo Económico y Social |
| 250 | _a1ª ed | ||
| 260 |
_aMadrid _bConsejo Económico y Social _c2021 |
||
| 300 |
_a28 p. _c21 cm _e1 documento pdf (260,9 kb) |
||
| 490 | 1 |
_aColección Dictámenes _v5-2021 |
|
| 541 | _cGratuito | ||
| 650 | 4 |
_aformación profesional _927394 |
|
| 650 | 4 |
_aformación profesional permanente _929931 |
|
| 650 | 4 |
_anecesidades de formación _929275 |
|
| 650 | 4 |
_arelación formación empleo _929976 |
|
| 650 | 4 |
_apolítica de formación _929974 |
|
| 650 | 4 |
_apolítica educativa _927373 |
|
| 650 | 4 |
_aEspaña _926964 |
|
| 650 | 4 |
_arégimen jurídico _929894 |
|
| 650 | 4 |
_adictamen _930802 |
|
| 653 | 1 | 0 | _aEducación |
| 830 | 0 |
_932521 _aColección Dictámenes (Consejo Económico y Social (España)) _v5-2021 |
|
| 856 | 4 |
_uhttp://www.ces.es/documents/DIC/2021/05 _ytexto completo |
|
| 902 | _aLIB Libro | ||
| 942 |
_2CES _cBK _h4.0. |
||
| 999 |
_c51963 _d51963 |
||